000
00338nam a2200145Ia 4500
008
240830s1981 xx 000 0 und d
041
_a
eng
082
_a
0 S.P
100
_a
S.P.KHARE
245
_a
AOUSHDHI NORMAN
260
_b
M.V.GRANTH MANDAL , NAGPUR
_c
1981
650
_a
RASA-SHASTRA
906
_a
N.D.
999
_c
1194312
_d
1194312